00381nam a2200157Ia 4500003000400000005001700004008004000021020001800061040000700079041000800086082001600094100001400110245003300124260005200157300001400209OSt20250714170549.0210210b1984 xxu||||| |||| 00| 0 eng d a0 7069 2539 4 cAL aeng a657.42 AROT aArora M N aTextbook of cost accountancy aNew DelhibVikas Publishing House Pvt Ltdc1984 axii,670p.